Geography Quiz

Random Geography or City Quiz

European Capital Match Quiz Stats

 Plays Quiz Updated Feb 13, 2019

Support Sporcle.
Go Orange.
Score 0/47 Timer 05:00
139 Plays Today
% Correct
Paris
90.5%
London
90.4%
Rome
89.8%
Madrid
89.1%
Berlin
89%
Athens
89%
Vatican City
88.8%
Moscow
88.4%
Dublin
87.9%
Amsterdam
85.8%
Luxembourg
85.4%
Lisbon
85.4%
Brussels
84.8%
Oslo
84%
Warsaw
83.9%
Copenhagen
83.8%
Monaco
83.5%
Reykjavík
83.3%
San Marino
82.9%
Vienna
81.9%
Stockholm
81.5%
Andorra la Vella
81.5%
Helsinki
81.1%
Bern
78.8%
% Correct
Ankara
77.3%
Budapest
77.1%
Prague
76%
Kyiv
75.3%
Bucharest
65%
Sofia
63.8%
Sarajevo
63.1%
Zagreb
61.4%
Minsk
60.7%
Nicosia
59.7%
Riga
57.7%
Tallinn
57.6%
Valletta
55.7%
Bratislava
55%
Belgrade
53.3%
Tirana
50.1%
Ljubljana
50.1%
Vilnius
49.9%
Vaduz
48.1%
Skopje
45.1%
Podgorica
43.4%
Chisinau
42.8%
Pristina
41.9%

From the Vault

Opening Day Lineups: Cardinals

by swellwrench

Sports 20m
For the 2010 season, we look back on the last 20 years: Cardinals Edition.
Remove Ads.
Support Sporcle.
Get the best of Sporcle when you Go Orange. This ad-free experience offers more features, more stats, and more fun while also helping to support Sporcle. Thank you for becoming a member.

Show Comments

Extras

Top Quizzes Today


Score Distribution

Your Account Isn't Verified!

In order to create a playlist on Sporcle, you need to verify the email address you used during registration. Go to your Sporcle Settings to finish the process.

Report this User

Report this user for behavior that violates our Community Guidelines.

Details: